Các chủng tộc người

Đã lưu trong:
Sonraí Bibleagrafaíochta
Príomhúdar: Nguyễn Quang Quyền
Formáid: Leabhar
Teanga:Undetermined
Foilsithe: Hà Nội KHKT 1978
Ábhair:
Clibeanna: Cuir Clib Leis
Gan Chlibeanna, Bí ar an gcéad duine leis an taifead seo a chlibeáil!
Thư viện lưu trữ: Trung tâm Học liệu Trường Đại học Cần Thơ
LEADER 00493nam a2200181Ia 4500
001 CTU_3432
008 210402s9999 xx 000 0 und d
082 |a 572.9 
082 |b Qu603c 
100 |a Nguyễn Quang Quyền 
245 0 |a Các chủng tộc người 
245 0 |c Nguyễn Quang Quyền 
260 |a Hà Nội 
260 |b KHKT 
260 |c 1978 
650 |a anthropology 
904 |i Minh, 960909 
980 |a Trung tâm Học liệu Trường Đại học Cần Thơ